00247nam a22001097a 4500082001400000245004000014260002900054300000700083490002400090942000800114999001500122 a378.1 COL aGraduateship Programme in Chemistry aRajagiriyabIchemcc2009 a80 aProgramme Prospects cREF c3841d3841